Normal view
MARC view
Entry Topical Term
001 - CONTROL NUMBER
- control field: 4958
003 - CONTROL NUMBER IDENTIFIER
- control field: BD-RjUL
005 - DATE AND TIME OF LATEST TRANSACTION
- control field: 20220924150235.0
008 - FIXED-LENGTH DATA ELEMENTS
- fixed length control field: 220924|| aca||aabn | a|a d
040 ## - CATALOGING SOURCE
- Original cataloging agency: BD-RjUL
- Transcribing agency: BD-RjUL
150 ## - HEADING--TOPICAL TERM
- Topical term or geographic name entry element: Purifying
670 ## - SOURCE DATA FOUND
- Source citation: Work cat.: (BD-RjUL)80416: Khatun, Shahanaz 4957, Analysis on the nutrient compositions of Two varieties of Sajna (Moringa Oleifera L. ) leaves and purification, characterization and Structure-Function analysis of Sajna Leaves protein /, 2004